| Tag |
First Indicator |
Second Indicator |
Subfields |
| LEADER |
00000cam a2200000 i 4500 |
| 001 |
in00004082002 |
| 005 |
20191023150001.0 |
| 008 |
190212s2019 ncua b 001 0 eng c |
| 010 |
|
|
|a 2019002423
|
| 035 |
|
|
|a (OCoLC)on1088602635
|
| 040 |
|
|
|a DLC
|e rda
|c DLC
|
| 020 |
|
|
|a 9781478004875
|q paperback :
|q alkaline paper
|
| 020 |
|
|
|a 1478004878
|q paperback :
|q alkaline paper
|
| 020 |
|
|
|a 9781478004271
|q hardcover :
|q alkaline paper
|
| 020 |
|
|
|a 1478004274
|q hardcover :
|q alkaline paper
|
| 043 |
|
|
|a nwht---
|
| 050 |
0 |
0 |
|a F1923
|b .D684 2019
|
| 082 |
0 |
0 |
|a 972.94/03
|2 23
|
| 049 |
|
|
|a TXAM
|
| 100 |
1 |
|
|a Douglas, Rachel,
|d 1978-
|e author.
|
| 245 |
1 |
0 |
|a Making the Black Jacobins :
|b C.L.R. James and the drama of history /
|c Rachel Douglas.
|
| 264 |
|
1 |
|a Durham, North Carolina :
|b Duke University Press,
|c 2019.
|
| 300 |
|
|
|a xii, 306 pages :
|b illustrations ;
|c 24 cm.
|
| 336 |
|
|
|a text
|b txt
|2 rdacontent
|
| 337 |
|
|
|a unmediated
|b n
|2 rdamedia
|
| 338 |
|
|
|a volume
|b nc
|2 rdacarrier
|
| 490 |
1 |
|
|a The C.L.R. James archives
|
| 504 |
|
|
|a Includes bibliographical references and index.
|
| 505 |
0 |
|
|a Toussaint Louverture takes center stage: the 1930s -- Making history: the Black Jacobins as history -- Rewriting history: the Black Jacobins history -- Reshaping the past as drama -- Afterlives of the Black Jacobins.
|
| 600 |
1 |
0 |
|a James, C. L. R.
|q (Cyril Lionel Robert),
|d 1901-1989.
|t Black Jacobins.
|
| 600 |
1 |
0 |
|a James, C. L. R.
|q (Cyril Lionel Robert),
|d 1901-1989
|x Criticism and interpretation.
|
| 600 |
1 |
0 |
|a Toussaint Louverture,
|d 1743-1803.
|
| 651 |
|
0 |
|a Haiti
|x History
|y Revolution, 1791-1804.
|
| 830 |
|
0 |
|a C.L.R. James Archives (Series)
|
| 945 |
|
|
|b 209638
|
| 947 |
|
|
|a A14850841884
|
| 948 |
|
|
|a cataloged
|b h
|c 2019/10/23
|d c
|e dmitchel
|f 3:00:00 pm
|
| 994 |
|
|
|a 92
|b TXA
|
| 999 |
f |
f |
|s 12f580f7-2c88-3440-b0a2-3a7e56bbef31
|i 2250da0a-cb5c-356d-bd0a-8496a645b55c
|t 0
|
| 952 |
f |
f |
|p normal
|a Texas A&M University
|b College Station
|c Sterling C. Evans Library
|d Evans: Library Stacks
|t 0
|e F1923 .D684 2019
|h Library of Congress classification
|i unmediated -- volume
|m A14850841884
|
| 998 |
f |
f |
|a F1923 .D684 2019
|t 0
|l Evans: Library Stacks
|